[Event "2BLN 1920 FC St. Pauli - Hamburger SK I"]
[Site "?"]
[Date "2019.10.20"]
[Round "2.6"]
[White "Voigt, Martin"]
[Black "Hoolt, Sarah"]
[Result "1/2-1/2"]
[WhiteElo "2353"]
[BlackElo "2323"]
[PlyCount "130"]
[EventDate "2019.??.??"]

1. e4 e6 2. d4 d5 3. Nc3 Nf6 4. e5 Nfd7 5. f4 c5 6. Nf3 Nc6 7. Be3 Be7 8. Qd2
O-O 9. h4 f6 10. exf6 Nxf6 11. dxc5 Qa5 12. O-O-O b6 13. cxb6 axb6 14. Nd4 Nxd4
15. Bxd4 Bb4 16. Bd3 Bxc3 17. Qxc3 Qxa2 18. h5 Ba6 19. Qa3 Bxd3 20. Qxa2 Rxa2
21. cxd3 Ng4 22. g3 Ra4 23. Bxb6 d4 24. Rhe1 Nf2 25. Rxe6 Ra1+ 26. Kd2 Rxd1+
27. Ke2 Rc8 28. Kxf2 Rc2+ 29. Kf3 Rxd3+ 30. Kg4 Rxb2 31. Rd6 Rg2 32. Kf5 Rgxg3
33. h6 gxh6 34. Rd8+ Kf7 35. Rd7+ Ke8 36. Rxh7 Rd1 37. Kf6 Re3 38. Rh8+ Kd7 39.
Rd8+ Kc6 40. Rxd4 Rxd4 41. Bxd4 Rd3 42. Be5 Kd5 43. Kg6 Rh3 44. Bf6 Ke4 45. f5
Kf4 46. Bb2 Rg3+ 47. Kxh6 Kxf5 48. Bd4 Rh3+ 49. Kg7 Rg3+ 50. Kh7 Kg5 51. Kg7
Rd3 52. Bf6+ Kf5 53. Bb2 Rd7+ 54. Kh6 Rd6+ 55. Kg7 Rg6+ 56. Kh7 Re6 57. Kg7 Rc6
58. Kh7 Kg5 59. Kg7 Rc7+ 60. Kf8 Rb7 61. Bc3 Kf5 62. Bd4 Ke6 63. Bc3 Rb3 64.
Bd4 Rg3 65. Bb2 Rf3+ {(=)} 1/2-1/2

[Event "2BLN 1920 FC St. Pauli - Hamburger SK I"]
[Site "?"]
[Date "2019.10.20"]
[Round "2.7"]
[White "Van Delft, Merijn"]
[Black "Mueller, Fabian"]
[Result "1-0"]
[WhiteElo "2348"]
[BlackElo "2338"]
[PlyCount "61"]
[EventDate "2019.??.??"]

1. e4 c5 2. Nf3 e6 3. d4 cxd4 4. Nxd4 Qc7 5. Nb5 Qe5 6. N1c3 Nc6 7. f4 Qb8 8.
Be3 a6 9. Nd4 Nge7 10. Qf3 b5 11. Nb3 Bb7 12. Nc5 d6 13. Nxb7 Qxb7 14. O-O-O
Nc8 15. Kb1 g6 16. g4 Bg7 17. Bc1 Nd4 18. Qe3 b4 19. Na4 Nb5 20. Bc4 O-O 21. h4
Rb8 22. h5 Na3+ 23. bxa3 bxa3+ 24. Bb3 Qb4 25. hxg6 hxg6 26. Nb2 axb2 27. Bd2
Qb7 28. Qh3 Re8 29. Bc3 e5 30. f5 Qxe4 31. Bd5 1-0

[Event "2BLN 1920 FC St. Pauli - Hamburger SK I"]
[Site "?"]
[Date "2019.10.20"]
[Round "2.8"]
[White "Priebe, Jan"]
[Black "Sievers, Stefan"]
[Result "1/2-1/2"]
[WhiteElo "2204"]
[BlackElo "2353"]
[PlyCount "127"]
[EventDate "2019.??.??"]

1. e4 c5 2. Nf3 g6 3. Nc3 Bg7 4. d4 cxd4 5. Nxd4 Nc6 6. Be3 Nf6 7. Bc4 O-O 8.
Bb3 d6 9. f3 Bd7 10. Qd2 Rc8 11. O-O-O Ne5 12. Kb1 Re8 13. g4 b5 14. h4 b4 15.
Nce2 a5 16. g5 Nh5 17. f4 Nc4 18. Bxc4 Rxc4 19. f5 e5 20. fxe6 Bxe6 21. Qd3 Rc8
22. Nxe6 Rxe6 23. Nf4 Nxf4 24. Bxf4 Qc7 25. Rh2 Qc6 26. Re2 Rce8 27. Rde1 a4
28. Re3 a3 29. bxa3 Rb8 30. Qd5 bxa3+ 31. Kc1 Qa6 32. Rb3 Rc8 33. Qb5 Qa7 34.
Qb7 Qc5 35. Re2 Bc3 36. Bd2 Bb2+ 37. Rxb2 axb2+ 38. Qxb2 Qc4 39. Re1 Rxe4 40.
Rxe4 Qxe4 41. Qb3 Qxh4 42. a4 Qc4 43. Kb2 d5 44. a5 d4 45. Qxc4 Rxc4 46. Kb3
Rc6 47. c4 dxc3 48. Bxc3 h6 49. gxh6 g5 50. Kb4 f5 51. Bd4 Kh7 52. Kb5 Rc8 53.
a6 f4 54. a7 Kxh6 55. Kb6 Ra8 56. Kb7 Rxa7+ 57. Bxa7 g4 58. Kc6 g3 59. Bb8 Kg5
60. Kd5 Kf5 61. Bc7 g2 62. Bb6 f3 63. Bf2 Kf4 64. Kd4 1/2-1/2

[Event "2BLN 1920 SV Glückauf Rüdersdorf - SC"]
[Site "?"]
[Date "2019.10.20"]
[Round "2.1"]
[White "Hansch, Karsten"]
[Black "Leniart, Arkadiusz"]
[Result "0-1"]
[WhiteElo "2262"]
[BlackElo "2498"]
[PlyCount "94"]
[EventDate "2019.??.??"]

1. d4 Nf6 2. c4 e6 3. Nf3 c5 4. Nc3 cxd4 5. Nxd4 Nc6 6. e3 Be7 7. Be2 O-O 8.
O-O a6 9. b3 Qa5 10. Bb2 Rd8 11. Qc2 d5 12. cxd5 Nb4 13. Qb1 Nbxd5 14. Nxd5
Nxd5 15. a3 Nc3 16. Bxc3 Qxc3 17. b4 Qc7 18. Rc1 Qb6 19. Ra2 e5 20. Nf5 Bf8 21.
e4 Be6 22. Bc4 g6 23. Bxe6 Qxe6 24. Ne3 Bh6 25. Re2 Rac8 26. Rxc8 Rxc8 27. Rc2
Bxe3 28. fxe3 Rd8 29. h3 h5 30. Rc3 Rd2 31. Rc2 Qd7 32. Rxd2 Qxd2 33. Qb3 b5
34. Kh2 h4 35. a4 Kg7 36. axb5 axb5 37. Qa3 Qc2 38. Qa7 Qxe4 39. Qc5 Kf6 40.
Kg1 Qc4 41. Qd6+ Kf5 42. Qe7 Ke4 43. Qxh4+ Kxe3 44. Qf2+ Kd3 45. Qf3+ Kc2 46.
Qf2+ Kb3 47. Qc5 e4 0-1

[Event "2BLN 1920 SV Glückauf Rüdersdorf - SC"]
[Site "?"]
[Date "2019.10.20"]
[Round "2.2"]
[White "Sieciechowicz, Marcin"]
[Black "Penzold, Andreas"]
[Result "1/2-1/2"]
[WhiteElo "2366"]
[BlackElo "2391"]
[PlyCount "51"]
[EventDate "2019.??.??"]

1. d4 Nf6 2. c4 g6 3. Nc3 d5 4. cxd5 Nxd5 5. e4 Nxc3 6. bxc3 Bg7 7. Bc4 c5 8.
Ne2 Nc6 9. Be3 O-O 10. O-O Qc7 11. Rb1 cxd4 12. cxd4 Na5 13. Bd3 b6 14. Qa4 Bd7
15. Rfc1 Qd8 16. Rc2 Rc8 17. Rbc1 Rxc2 18. Rxc2 Bc6 19. Bd2 Qa8 20. f3 Rd8 21.
Bxa5 bxa5 22. Qxa5 Bxd4+ 23. Nxd4 Rxd4 24. Be2 Qb7 25. Qc5 Ba4 26. Qxd4 1/2-1/2

[Event "2BLN 1920 SV Glückauf Rüdersdorf - SC"]
[Site "?"]
[Date "2019.10.20"]
[Round "2.3"]
[White "Hansch, Stephan"]
[Black "Steczek, Marcin"]
[Result "0-1"]
[WhiteElo "2172"]
[BlackElo "2366"]
[PlyCount "74"]
[EventDate "2019.??.??"]

1. d4 Nf6 2. c4 e6 3. Nf3 c5 4. d5 exd5 5. cxd5 b5 6. g3 Bb7 7. Bg2 Bxd5 8. Bg5
Bc6 9. O-O Be7 10. Nc3 O-O 11. Rc1 d6 12. Nh4 b4 13. Bxf6 Bxf6 14. Ne4 Bxb2 15.
Rb1 Be5 16. Nf5 g6 17. Nfxd6 Qe7 18. Nc4 Rd8 19. Qc2 Nd7 20. Nxe5 Qxe5 21. Nxc5
Nxc5 22. Bxc6 Rac8 23. Bf3 a5 24. Rfc1 Rc7 25. Qb2 Qe7 26. h4 Na4 27. Rxc7 Qxc7
28. Qf6 Nc3 29. Ra1 Qd6 30. Qg5 a4 31. Qa5 Qd2 32. Kg2 b3 33. axb3 axb3 34. Qb6
b2 35. Rh1 Rf8 36. h5 Qc1 37. hxg6 hxg6 0-1

[Event "2BLN 1920 SV Glückauf Rüdersdorf - SC"]
[Site "?"]
[Date "2019.10.20"]
[Round "2.4"]
[White "Dudzinski, Piotr"]
[Black "Tiarks, Jann-Christian"]
[Result "1/2-1/2"]
[WhiteElo "2324"]
[BlackElo "2178"]
[PlyCount "49"]
[EventDate "2019.??.??"]

1. e4 c5 2. c3 d5 3. exd5 Qxd5 4. d4 Nf6 5. Nf3 Bg4 6. Be2 e6 7. O-O Nc6 8. Be3
cxd4 9. cxd4 Be7 10. h3 Bh5 11. Nc3 Qd6 12. Qb3 O-O 13. Rfd1 Rfd8 14. Rac1 Qb4
15. Qxb4 Nxb4 16. a4 Bg6 17. Ne5 Nfd5 18. Nxd5 Nxd5 19. Bf3 Rac8 20. Bxd5 exd5
21. Nxg6 hxg6 22. Kf1 Kf8 23. Ke2 Ke8 24. Rxc8 Rxc8 25. Rc1 1/2-1/2

[Event "2BLN 1920 SV Glückauf Rüdersdorf - SC"]
[Site "?"]
[Date "2019.10.20"]
[Round "2.5"]
[White "Schoene, Ralf"]
[Black "Janaszak, Dawid"]
[Result "1/2-1/2"]
[WhiteElo "2262"]
[BlackElo "2354"]
[PlyCount "41"]
[EventDate "2019.??.??"]

1. c4 g6 2. Nc3 Bg7 3. d4 Nf6 4. e4 d6 5. g3 c5 6. d5 O-O 7. Bg2 Na6 8. Nf3 Nc7
9. O-O e6 10. a4 a6 11. Re1 e5 12. a5 Nd7 13. Nd2 Rb8 14. b3 f5 15. f3 Ne8 16.
g4 fxg4 17. fxg4 Ndf6 18. h3 h5 19. g5 Nh7 20. Nf3 Rf7 21. Qd3 1/2-1/2

[Event "2BLN 1920 SV Glückauf Rüdersdorf - SC"]
[Site "?"]
[Date "2019.10.20"]
[Round "2.6"]
[White "Sroczynski, Maciej"]
[Black "Haasler, Andreas"]
[Result "0-1"]
[WhiteElo "2304"]
[BlackElo "2234"]
[PlyCount "116"]
[EventDate "2019.??.??"]

1. d4 d5 2. Nf3 Nf6 3. c4 e6 4. Nc3 Nbd7 5. cxd5 exd5 6. Bg5 c6 7. e3 Qa5 8.
Nd2 Bb4 9. Qc2 O-O 10. Be2 Ne4 11. Ndxe4 dxe4 12. Bh4 Nb6 13. O-O f5 14. a3
Bxc3 15. bxc3 Be6 16. Rfb1 Rf7 17. c4 h6 18. Bg3 g5 19. Bd6 f4 20. Be5 Nd7 21.
d5 Bf5 22. Bc3 Qc7 23. Qd2 f3 24. d6 Qc8 25. Bf1 c5 26. Qd5 Nb6 27. Qe5 Kh7 28.
Rd1 fxg2 29. Bxg2 Qc6 30. Rac1 Re8 31. Qg3 Nxc4 32. Ba1 Nb6 33. Bf1 Be6 34. Be2
Rd8 35. Bg4 Bf5 36. Bh5 Bg6 37. Bxg6+ Kxg6 38. Qe5 Nd7 39. Qe6+ Nf6 40. Bxf6
Rxf6 41. Qe5 b6 42. Qe7 Rdxd6 43. Qxa7 Qc8 44. Rxd6 Qg4+ 45. Kf1 Rxd6 46. Qe7
Qe6 47. Qf8 Kh5 48. a4 Kh4 49. Ke1 Qe5 50. Kf1 Kh3 51. Qf7 g4 52. a5 Rf6 53.
Qc4 Qxh2 54. Rc2 g3 55. f4 Qh1+ 56. Ke2 Rd6 57. Rc1 Qh2+ 58. Ke1 Qf2# 0-1

[Event "2BLN 1920 SV Glückauf Rüdersdorf - SC"]
[Site "?"]
[Date "2019.10.20"]
[Round "2.7"]
[White "Trenner, Rolf"]
[Black "Szyszylo, Rafal"]
[Result "1-0"]
[WhiteElo "2183"]
[BlackElo "2258"]
[PlyCount "159"]
[EventDate "2019.??.??"]

1. d4 g6 2. e4 Bg7 3. Nf3 d6 4. Bc4 Nf6 5. Qe2 O-O 6. O-O c6 7. Bb3 a5 8. e5
Nd5 9. c4 a4 10. Bxa4 Rxa4 11. cxd5 dxe5 12. dxe5 Qxd5 13. Re1 Qc4 14. Bg5 Qxe2
15. Rxe2 Re8 16. Nc3 Ra8 17. h3 Na6 18. Rd1 Nc7 19. a3 h6 20. Be3 Be6 21. Bb6
Nd5 22. Nxd5 Bxd5 23. Bd4 Red8 24. Red2 Bb3 25. Re1 Bd5 26. Bc3 Kf8 27. Nd4 c5
28. Ne2 Bb3 29. Rxd8+ Rxd8 30. Ng3 b6 31. f4 Bc2 32. Kf2 h5 33. Re2 Bb1 34. Rd2
Ke8 35. Ke3 Bh6 36. Ne2 Bf5 37. Ng3 Bb1 38. Nf1 Ba2 39. h4 Bb1 40. Rxd8+ Kxd8
41. Nd2 Bf5 42. b4 Kc7 43. bxc5 bxc5 44. Ba5+ Kc6 45. Bd8 Bf8 46. Nf3 Kb5 47.
Ng5 e6 48. Nxf7 Ka4 49. Bc7 Kxa3 50. Bd6 Bg7 51. Bxc5+ Kb3 52. Be7 Kc4 53. Nd6+
Kd5 54. Ne8 Bh6 55. g3 Kc6 56. Bb4 Kd7 57. Nf6+ Kd8 58. Kd4 Bg7 59. Nh7 Kd7 60.
Kc5 Be4 61. Kb6 Bd5 62. Bf8 Bh8 63. Bh6 Be4 64. Ng5 Bf5 65. Nf7 Ke7 66. Nxh8
Ke8 67. Kc7 Ke7 68. Bg5+ Ke8 69. Kd6 Kf8 70. Kd7 Kg7 71. Bf6+ Kf8 72. Kd6 Ke8
73. Be7 Bg4 74. Nxg6 Kf7 75. Nf8 Bf5 76. Nd7 Bg4 77. Nc5 Bf5 78. Nb7 Bg4 79.
Nd8+ Ke8 80. Bg5 1-0

[Event "2BLN 1920 SV Glückauf Rüdersdorf - SC"]
[Site "?"]
[Date "2019.10.20"]
[Round "2.8"]
[White "Szadkowski, Kamil"]
[Black "Germann, Heike"]
[Result "1/2-1/2"]
[WhiteElo "2279"]
[BlackElo "2067"]
[PlyCount "30"]
[EventDate "2019.??.??"]

1. e4 c5 2. Nf3 Nc6 3. d4 cxd4 4. Nxd4 g6 5. Nc3 Bg7 6. Be3 Nf6 7. Nxc6 bxc6 8.
e5 Ng8 9. Bd4 Nh6 10. e6 O-O 11. Bxg7 Kxg7 12. exd7 Qxd7 13. Qxd7 Bxd7 14. Na4
Bf5 15. Rc1 Rfd8 1/2-1/2

[Event "2BLN 1920 SF Berlin II - SG AE Magdebur"]
[Site "?"]
[Date "2019.10.20"]
[Round "2.1"]
[White "Roseneck, Jonas"]
[Black "Lauber, Arnd"]
[Result "1-0"]
[WhiteElo "2402"]
[BlackElo "2420"]
[PlyCount "53"]
[EventDate "2019.??.??"]

1. e4 c6 2. d4 d5 3. e5 Bf5 4. h4 h6 5. g4 Bd7 6. Nc3 e6 7. Be3 Qb6 8. Na4 Qc7
9. h5 Qa5+ 10. c3 b6 11. b4 Bxb4 12. cxb4 Qxb4+ 13. Bd2 Qxd4 14. Nf3 Qe4+ 15.
Be2 d4 16. Nb2 Kf8 17. Rh4 c5 18. g5 Qb7 19. Nc4 Qc7 20. Nd6 Be8 21. g6 fxg6
22. Rf4+ Ke7 23. Nxd4 g5 24. Rf8 Nc6 25. Nxe6 Qd7 26. Nf5+ Kxe6 27. Bc4+ 1-0

[Event "2BLN 1920 SF Berlin II - SG AE Magdebur"]
[Site "?"]
[Date "2019.10.20"]
[Round "2.2"]
[White "Schmidek, Emil"]
[Black "Gungl, Theo"]
[Result "1-0"]
[WhiteElo "2387"]
[BlackElo "2356"]
[PlyCount "71"]
[EventDate "2019.??.??"]

1. e4 c5 2. Nf3 d6 3. d4 cxd4 4. Nxd4 Nf6 5. Nc3 a6 6. Bg5 Nbd7 7. Bc4 Qb6 8.
Bb3 e6 9. Qd2 Be7 10. O-O-O Nc5 11. Rhe1 h6 12. Bxf6 Bxf6 13. f4 Bd7 14. Kb1
O-O-O 15. e5 dxe5 16. fxe5 Bg5 17. Qf2 Rhf8 18. Qg3 Bc6 19. Qg4 g6 20. h4 Be7
21. Nxc6 Qxc6 22. Nd5 Rfe8 23. Rf1 Nxb3 24. Nxe7+ Rxe7 25. Rxd8+ Kxd8 26. axb3
Rd7 27. Qb4 Qxg2 28. Qf8+ Kc7 29. Rxf7 Qh1+ 30. Ka2 Qd5 31. Rf4 Qxe5 32. Rc4+
Kb6 33. Qf2+ Kb5 34. Rb4+ Kc6 35. Qb6+ Kd5 36. Rc4 1-0

[Event "2BLN 1920 SF Berlin II - SG AE Magdebur"]
[Site "?"]
[Date "2019.10.20"]
[Round "2.3"]
[White "Biastoch, Bennet"]
[Black "Seyb, Alexander"]
[Result "1/2-1/2"]
[WhiteElo "2256"]
[BlackElo "2429"]
[PlyCount "32"]
[EventDate "2019.??.??"]

1. e4 c5 2. Nf3 e6 3. d4 cxd4 4. Nxd4 a6 5. Bd3 Nf6 6. O-O Qc7 7. Qe2 d6 8. c4
g6 9. Nc3 Bg7 10. Nf3 O-O 11. Rd1 Nfd7 12. Bd2 Nc6 13. Rac1 Nde5 14. Nxe5 dxe5
15. Nd5 Qd8 16. Ne3 Bd7 1/2-1/2

[Event "2BLN 1920 SF Berlin II - SG AE Magdebur"]
[Site "?"]
[Date "2019.10.20"]
[Round "2.4"]
[White "Polzin, Rainer"]
[Black "Andre, Gordon"]
[Result "0-1"]
[WhiteElo "2415"]
[BlackElo "2376"]
[PlyCount "124"]
[EventDate "2019.??.??"]

1. e4 c6 2. d4 d5 3. e5 Bf5 4. Nd2 e6 5. Nb3 Nd7 6. Nf3 h6 7. Be2 Ne7 8. O-O
Qc7 9. a4 g5 10. Bd2 O-O-O 11. Ba5 Nb6 12. Ne1 Bg7 13. Nc5 Bg6 14. Ned3 Nf5 15.
c3 Qe7 16. Qb3 Qc7 17. Nb4 Rde8 18. Rfe1 h5 19. Ra3 Bf8 20. Qd1 f6 21. Rb3 Rh7
22. Ba6 bxa6 23. Nbxa6 Qd8 24. Rb4 fxe5 25. Qb3 Rb7 26. Nxb7 Kxb7 27. Nc5+ Ka8
28. Rxe5 Bxc5 29. dxc5 Qf6 30. Re1 Nd7 31. Rb7 Rb8 32. Rxb8+ Nxb8 33. Bc7 Na6
34. Bd6 Nxd6 35. cxd6 Qd8 36. Qa3 Bf5 37. c4 dxc4 38. Qg3 Nc5 39. Rd1 Nd3 40.
b3 cxb3 41. Rxd3 b2 42. Rd1 b1=Q 43. Rxb1 Bxb1 44. Qe5 Ba2 45. a5 Bd5 46. a6 c5
47. h3 c4 48. d7 Bc6 49. Qxe6 Qxd7 50. Qg8+ Qe8 51. Qxc4 Qe1+ 52. Kh2 Qe5+ 53.
Kg1 Qd5 54. Qf1 Kb8 55. f3 Qc5+ 56. Kh1 Kc7 57. Qb1 h4 58. Qb2 Bb5 59. f4 gxf4
60. Qg7+ Kb6 61. Qf6+ Bc6 62. Qxf4 Qc2 0-1

[Event "2BLN 1920 SF Berlin II - SG AE Magdebur"]
[Site "?"]
[Date "2019.10.20"]
[Round "2.5"]
[White "Paul, Johannes"]
[Black "Suran, Jan"]
[Result "1-0"]
[WhiteElo "2364"]
[BlackElo "2396"]
[PlyCount "75"]
[EventDate "2019.??.??"]

1. d4 Nf6 2. c4 e6 3. Nc3 d5 4. cxd5 exd5 5. Bg5 c6 6. e3 h6 7. Bh4 Be6 8. Bd3
Nbd7 9. Nf3 Be7 10. Qc2 Nh5 11. Bxe7 Qxe7 12. O-O O-O 13. Ne5 Rfe8 14. Rae1
Nhf6 15. f4 Nf8 16. Qf2 Rad8 17. h3 N6h7 18. g4 f6 19. Nf3 Nd7 20. Qg3 Ndf8 21.
h4 Qd7 22. g5 hxg5 23. hxg5 fxg5 24. Ne5 Qe7 25. f5 Bf7 26. Rf2 Rd6 27. e4 Rh6
28. Ng4 Rh4 29. e5 Bh5 30. Be2 Bxg4 31. Bxg4 Nf6 32. Be2 Ne4 33. Nxe4 Rxe4 34.
Ref1 Rf4 35. Rxf4 gxf4 36. Rxf4 Nh7 37. f6 Qf7 38. Bh5 1-0

[Event "2BLN 1920 SF Berlin II - SG AE Magdebur"]
[Site "?"]
[Date "2019.10.20"]
[Round "2.7"]
[White "Merkert, Maximilian"]
[Black "Chatzidakis, Mihail"]
[Result "1/2-1/2"]
[WhiteElo "2248"]
[BlackElo "2347"]
[PlyCount "24"]
[EventDate "2019.??.??"]

1. c4 g6 2. g3 Bg7 3. Bg2 e5 4. Nc3 d6 5. e4 Be6 6. d3 Qd7 7. Be3 c6 8. Nge2
Ne7 9. O-O O-O 10. Qd2 d5 11. cxd5 cxd5 12. d4 dxe4 1/2-1/2

[Event "2BLN 1920 SF Berlin II - SG AE Magdebur"]
[Site "?"]
[Date "2019.10.20"]
[Round "2.8"]
[White "Rudolf, Henrik"]
[Black "Schoene, Maria"]
[Result "1-0"]
[WhiteElo "2308"]
[BlackElo "2152"]
[PlyCount "81"]
[EventDate "2019.??.??"]

1. e4 c5 2. Nf3 d6 3. d4 cxd4 4. Nxd4 Nf6 5. Nc3 g6 6. Be3 Bg7 7. f3 O-O 8. Qd2
Nc6 9. Bc4 Bd7 10. h4 Rc8 11. Bb3 h5 12. O-O-O Ne5 13. Bg5 Rc5 14. Kb1 b5 15.
g4 a5 16. gxh5 Nxh5 17. Nd5 Re8 18. a3 Nc4 19. Qf2 Bc6 20. Nxc6 Rxc6 21. Qa7 f6
22. Bc1 e6 23. Qg1 exd5 24. Qxg6 Re5 25. Rxd5 Rc5 26. Rhd1 Qe8 27. Qxe8+ Rxe8
28. Rxc5 dxc5 29. a4 Kf8 30. axb5 Ne5 31. Rd5 Ng3 32. Rxc5 Ne2 33. Bd2 Nxf3 34.
Bxa5 Ned4 35. Bd5 Bh6 36. b6 Bf4 37. b7 Bb8 38. Bb4 Kg7 39. Rc8 Rh8 40. Be7 Ne5
41. Bxf6+ 1-0

[Event "2BLN 1920 SK Zehlendorf - SV Glückauf "]
[Site "?"]
[Date "2019.11.23"]
[Round "3.1"]
[White "Kanarek, Marcel"]
[Black "Demidov, Mikhail"]
[Result "1/2-1/2"]
[WhiteElo "2482"]
[BlackElo "2550"]
[PlyCount "146"]
[EventDate "2019.??.??"]

1. Nf3 d5 2. g3 c6 3. Bg2 Bg4 4. O-O Nd7 5. d4 e6 6. Nbd2 Ngf6 7. Re1 Be7 8. e4
O-O 9. e5 Ne8 10. c3 c5 11. dxc5 Nxc5 12. Nb3 Bh5 13. Nxc5 Bxc5 14. Be3 Bxe3
15. Rxe3 Nc7 16. Qd2 Bxf3 17. Bxf3 Rc8 18. Rc1 b5 19. a4 bxa4 20. c4 dxc4 21.
Qxd8 Rfxd8 22. Rxc4 Nb5 23. Rxa4 Rd2 24. Rb4 Nd4 25. Be4 g6 26. Rb7 a5 27. b4
axb4 28. Rxb4 Rc5 29. Bd3 Nc6 30. Rbe4 Kg7 31. h4 Rc3 32. Bf1 Rc1 33. Re1 Rxe1
34. Rxe1 Nd4 35. Kg2 h6 36. Re3 Rb2 37. Re4 Nc6 38. Be2 Rd2 39. Kf1 g5 40. hxg5
hxg5 41. Bh5 Rd5 42. f4 Nd4 43. Kf2 gxf4 44. gxf4 Nf5 45. Bg4 Kg6 46. Bxf5+
Kxf5 47. Ra4 Rd7 48. Kg3 Rb7 49. Kf3 Rb3+ 50. Ke2 Rb7 51. Kf3 Rc7 52. Rb4 Ra7
53. Rc4 Ra3+ 54. Ke2 Kg4 55. Rc7 Kxf4 56. Rxf7+ Kxe5 57. Rb7 Kf5 58. Rb5+ e5
59. Rb4 Ra2+ 60. Ke3 Ra5 61. Rc4 Ke6 62. Rh4 Ra3+ 63. Ke2 Kd5 64. Rg4 Rc3 65.
Rh4 Rc7 66. Ke3 Rc1 67. Ra4 Re1+ 68. Kd2 Rh1 69. Ke3 Ke6 70. Ra8 Re1+ 71. Kf2
Rc1 72. Ke3 Rc3+ 73. Ke4 Rc4+ 1/2-1/2

[Event "2BLN 1920 SK Zehlendorf - SV Glückauf "]
[Site "?"]
[Date "2019.11.23"]
[Round "3.2"]
[White "Lagunow, Raphael"]
[Black "Leniart, Arkadiusz"]
[Result "0-1"]
[WhiteElo "2432"]
[BlackElo "2504"]
[PlyCount "52"]
[EventDate "2019.??.??"]

1. e4 e5 2. Nf3 Nc6 3. Bc4 Nf6 4. d3 Bc5 5. O-O a6 6. a4 d6 7. c3 Ba7 8. Re1 h6
9. Nbd2 Nh5 10. Nf1 Qf6 11. Ne3 Nf4 12. g3 Nh3+ 13. Kg2 Bxe3 14. Rxe3 g5 15.
Qf1 h5 16. Ng1 h4 17. Rf3 Qh6 18. Rxf7 hxg3 19. fxg3 Nf4+ 20. Bxf4 Qxh2+ 21.
Kf3 Bg4+ 22. Ke3 gxf4+ 23. gxf4 Qg3+ 24. Kd2 Rh2+ 25. Kc1 Rf2 26. Qe1 Qg2 0-1

[Event "2BLN 1920 SK Zehlendorf - SV Glückauf "]
[Site "?"]
[Date "2019.11.23"]
[Round "3.3"]
[White "Sieciechowicz, Marcin"]
[Black "Malek, Daniel"]
[Result "1/2-1/2"]
[WhiteElo "2366"]
[BlackElo "2349"]
[PlyCount "118"]
[EventDate "2019.??.??"]

1. d4 d5 2. c4 dxc4 3. e4 Nf6 4. e5 Nd5 5. Bxc4 Bf5 6. Ne2 e6 7. O-O Nb6 8. Bb3
Nc6 9. Nbc3 Qd7 10. Be3 O-O-O 11. Rc1 Kb8 12. Na4 f6 13. Nxb6 axb6 14. exf6
gxf6 15. Ba4 h5 16. Ng3 Bg6 17. Qf3 Be7 18. Bxc6 bxc6 19. Rxc6 Bd6 20. Rfc1 h4
21. Ne4 Bxe4 22. Qxe4 Rdg8 23. h3 Rh7 24. Rxd6 cxd6 25. Rc6 f5 26. Rxb6+ Ka7
27. Qc6 Qxc6 28. Rxc6 Rd7 29. d5+ Kb7 30. Rb6+ Kc7 31. Rc6+ Kb7 32. Rb6+ Kc7
33. dxe6 Rdg7 34. Rb4 Rxg2+ 35. Kf1 Rg1+ 36. Ke2 Re8 37. Rxh4 Rxe6 38. Kf3 Rh1
39. a4 Kc6 40. b4 Re4 41. Rxe4 fxe4+ 42. Kxe4 Rxh3 43. b5+ Kc7 44. Kd5 Rh5+ 45.
Kc4 d5+ 46. Kc5 d4+ 47. Kxd4 Kb6 48. Bd2 Rh4+ 49. f4 Rh2 50. Kd3 Kc5 51. f5 Rh4
52. Be3+ Kb4 53. b6 Kxa4 54. Bd4 Rh7 55. Kc4 Rf7 56. f6 Ka5 57. Kc5 Ka6 58. Kc6
Rb7 59. Bc5 Rxb6+ 1/2-1/2

[Event "2BLN 1920 SK Zehlendorf - SV Glückauf "]
[Site "?"]
[Date "2019.11.23"]
[Round "3.4"]
[White "Stachowiak, Kamil"]
[Black "Steczek, Marcin"]
[Result "1-0"]
[WhiteElo "2442"]
[BlackElo "2367"]
[PlyCount "145"]
[EventDate "2019.??.??"]

1. c4 Nf6 2. Nf3 e6 3. g3 b6 4. Bg2 Bb7 5. O-O c5 6. Nc3 Be7 7. d4 cxd4 8. Qxd4
O-O 9. Rd1 Qc8 10. Bf4 Nc6 11. Qd2 Bb4 12. Ng5 Na5 13. Bxb7 Qxb7 14. Qd3 Bxc3
15. Qxc3 h6 16. Nf3 Rfc8 17. b3 d5 18. Bxh6 Ne8 19. Bd2 dxc4 20. b4 Nc6 21.
Qxc4 Ne5 22. Qb3 Nxf3+ 23. exf3 Nf6 24. Bf4 Nd5 25. Be5 b5 26. Qb2 f6 27. Bd4
Rc4 28. a3 e5 29. Bc5 Nc3 30. Rd3 Na4 31. Qb3 Rc8 32. Bd6 Kh8 33. f4 Rc1+ 34.
Rd1 Rxa1 35. Rxa1 Nc3 36. Qc2 e4 37. Bc5 Na4 38. Rd1 Qc6 39. Rc1 Qd5 40. Rd1
Qf5 41. Rc1 Qe6 42. Qe2 a6 43. h4 Kg8 44. Qd2 Kh7 45. Qd4 Rc7 46. Re1 f5 47.
Rc1 Nb6 48. Qd2 Nc4 49. a4 Qf7 50. axb5 axb5 51. Qe2 Rd7 52. Rd1 Kh6 53. Rd4
Rxd4 54. Bxd4 Qd5 55. Bc3 Qd7 56. g4 fxg4 57. Qxe4 g6 58. Qa8 Qd1+ 59. Kh2 g3+
60. Kxg3 Qg1+ 61. Kh3 Qf1+ 62. Qg2 Qxg2+ 63. Kxg2 Kh5 64. Kf3 Kxh4 65. Ke4 Kg4
66. Be5 Nd2+ 67. Kd5 Kf5 68. Kc6 Ne4 69. Kxb5 Nxf2 70. Kc6 Nd3 71. b5 g5 72. b6
Nb4+ 73. Kb5 1-0

[Event "2BLN 1920 SK Zehlendorf - SV Glückauf "]
[Site "?"]
[Date "2019.11.23"]
[Round "3.5"]
[White "Dudzinski, Piotr"]
[Black "Brodowski, Piotr"]
[Result "1/2-1/2"]
[WhiteElo "2328"]
[BlackElo "2442"]
[PlyCount "83"]
[EventDate "2019.??.??"]

1. e4 d6 2. d4 g6 3. Nc3 Bg7 4. Be3 a6 5. a4 Nd7 6. Bc4 e6 7. Nge2 Ne7 8. Qd2
h6 9. Bb3 e5 10. dxe5 Nxe5 11. h3 N7c6 12. Nd5 Nd7 13. Rd1 Nf6 14. Nec3 Be6 15.
O-O g5 16. Nxf6+ Qxf6 17. Nd5 Qd8 18. f4 gxf4 19. Nxf4 Bxb3 20. cxb3 Qd7 21.
Nh5 Be5 22. b4 Rg8 23. Rf5 Qe6 24. Rdf1 O-O-O 25. b5 axb5 26. axb5 Ne7 27. R5f3
b6 28. Qc2 Kb7 29. Kh1 d5 30. Bf4 d4 31. Bxe5 Qxe5 32. Nf6 Rg6 33. Ra1 Rxf6 34.
Rxf6 Qxf6 35. Ra7+ Kxa7 36. Qxc7+ Ka8 37. Qxd8+ Kb7 38. Qd7+ Kb8 39. Qd8+ Kb7
40. Qd7+ Kb8 41. Qd8+ Kb7 42. Qd7+ 1/2-1/2

[Event "2BLN 1920 SK Zehlendorf - SV Glückauf "]
[Site "?"]
[Date "2019.11.23"]
[Round "3.6"]
[White "Luch, Michal"]
[Black "Janaszak, Dawid"]
[Result "1/2-1/2"]
[WhiteElo "2399"]
[BlackElo "2353"]
[PlyCount "91"]
[EventDate "2019.??.??"]

1. d4 Nf6 2. c4 g6 3. g3 Bg7 4. Bg2 O-O 5. Nc3 c6 6. e4 d6 7. Nf3 Nbd7 8. O-O
e5 9. b3 exd4 10. Nxd4 Re8 11. h3 Nc5 12. Re1 a5 13. Bf4 Nh5 14. Be3 Qc7 15.
Qc2 Bd7 16. Rad1 Rad8 17. g4 Nf6 18. Nde2 Bc8 19. Ng3 Nfd7 20. f4 b6 21. a3 Ba6
22. g5 f6 23. b4 Ne6 24. gxf6 Bxf6 25. b5 Bb7 26. bxc6 Bxc6 27. Rf1 Bh4 28.
Nge2 Ndc5 29. Nd5 Bxd5 30. cxd5 Nf8 31. Nd4 Nfd7 32. Nc6 Rc8 33. Bd4 Rf8 34. e5
Rce8 35. e6 Nb8 36. Nxb8 Rxb8 37. Qe2 Bf6 38. f5 gxf5 39. Qh5 Qg7 40. Be3 Ne4
41. Bh6 Bd4+ 42. Rxd4 Qxd4+ 43. Kh2 Qe5+ 44. Bf4 Qb2 45. Bc1 Qb5 46. Bf4
1/2-1/2

[Event "2BLN 1920 SK Zehlendorf - SV Glückauf "]
[Site "?"]
[Date "2019.11.23"]
[Round "3.7"]
[White "Sroczynski, Maciej"]
[Black "Meister, Jakob"]
[Result "0-1"]
[WhiteElo "2284"]
[BlackElo "2419"]
[PlyCount "168"]
[EventDate "2019.??.??"]

1. d4 e6 2. c4 Bb4+ 3. Bd2 Bxd2+ 4. Qxd2 Nf6 5. Nc3 d5 6. e3 O-O 7. Nf3 Qe7 8.
Be2 dxc4 9. Bxc4 c5 10. O-O Rd8 11. Qe2 Nc6 12. Rad1 Bd7 13. h3 Be8 14. a3 a6
15. dxc5 Qxc5 16. b4 Qe7 17. e4 Qc7 18. Rc1 Nd4 19. Nxd4 Rxd4 20. Bb3 Qf4 21.
e5 Ne4 22. Rfe1 Nd2 23. Bc2 Nc4 24. Be4 Rb8 25. Bf3 Nd2 26. Bg4 Bc6 27. Rcd1
Rbd8 28. Qe3 Qxe3 29. Rxe3 Nc4 30. Ree1 Nxa3 31. Rxd4 Rxd4 32. Rd1 Rxd1+ 33.
Bxd1 Nc4 34. f4 Ne3 35. g4 h6 36. Kf2 Nxd1+ 37. Nxd1 f6 38. h4 fxe5 39. fxe5
Kf7 40. Ke3 Ke7 41. Kf4 Kd7 42. g5 Kc7 43. Ne3 b6 44. gxh6 gxh6 45. Nc4 a5 46.
bxa5 bxa5 47. Ke3 h5 48. Nd6 a4 49. Kd4 Bf3 50. Kc4 Kc6 51. Kb4 Bd1 52. Ne4 Bc2
53. Ng3 Bg6 54. Ne2 Bf7 55. Kc4 a3 56. Nd4+ Kb6 57. Kb3 Kc5 58. Nf3 Kd5 59.
Kxa3 Bg6 60. Kb2 Ke4 61. Ng5+ Kxe5 62. Kc3 Bf5 63. Nf7+ Ke4 64. Kc4 e5 65. Kc3
Kf4 66. Kd2 Be6 67. Ng5 Bd5 68. Nh7 Bf3 69. Nf6 Kf5 70. Nd7 Kf4 71. Nf6 Bg4 72.
Kd3 Kf3 73. Kd2 e4 74. Nd5 Kg3 75. Ke3 Bf3 76. Nf6 Kxh4 77. Kf4 Bh1 78. Nd5 Kh3
79. Ne3 Bf3 80. Nf5 Kg2 81. Ke3 Bg4 82. Ne7 Kg3 83. Ng6 Bf3 84. Nf4 h4 0-1